| 000 | 01194nam a2200313Ia 4500 | ||
|---|---|---|---|
| 001 | ebr10740163 | ||
| 003 | CaPaEBR | ||
| 006 | m o u | ||
| 007 | cr cn||||||||| | ||
| 008 | 130503s2013 njua sb 001 0 eng d | ||
| 010 | _z 2013017209 | ||
| 020 | _z9781118457658 (cloth) | ||
| 020 | _z9781118699669 | ||
| 040 |
_aCaPaEBR _cCaPaEBR |
||
| 035 | _a(OCoLC)842337759 | ||
| 050 | 1 | 4 |
_aHM741 _b.B57 2013eb |
| 082 | 0 | 4 |
_a658.8/34 _223 |
| 100 | 1 | _aBirke, Daniel. | |
| 245 | 1 | 0 |
_aSocial networks and their economics _h[electronic resource] : _binfluencing consumer choice / _cDr Daniel Birke. |
| 260 |
_aHoboken : _bWiley, _c2013. |
||
| 300 |
_axviii, 198 p. : _bill. |
||
| 504 | _aIncludes bibliographical references and index. | ||
| 533 |
_aElectronic reproduction. _bPalo Alto, Calif. : _cebrary, _d2013. _nAvailable via World Wide Web. _nAccess may be limited to ebrary affiliated libraries. |
||
| 650 | 0 |
_aSocial networks _xEconomic aspects. |
|
| 650 | 0 | _aConsumer behavior. | |
| 655 | 7 |
_aElectronic books. _2local |
|
| 710 | 2 | _aebrary, Inc. | |
| 856 | 4 | 0 |
_uhttp://site.ebrary.com/lib/rucke/Doc?id=10740163 _zAn electronic book accessible through the World Wide Web; click to view |
| 999 |
_c35292 _d35292 |
||